[Event "Imperia op-A 61st"]
[Site "Imperia"]
[Date "2019.09.04"]
[Round "4.6"]
[White "Giuberchio, Cesare"]
[Black "Ahner, Thomas"]
[Result "1-0"]
[WhiteElo "1929"]
[BlackElo "2151"]
[PlyCount "53"]
[EventDate "2019.09.01"]
[EventType "swiss"]
[EventRounds "9"]
[EventCountry "ITA"]
[SourceTitle "EXT 2024"]
[Source "ChessBase"]
[SourceDate "2023.10.10"]
[SourceVersion "1"]
[SourceVersionDate "2023.10.10"]
[SourceQuality "1"]

1. e4 c5 2. Nf3 e6 3. d3 Nc6 4. g3 Nf6 5. Bg2 d5 6. Nbd2 Be7 7. 0-0 0-0 8. Re1 b5 9. e5 Nd7 10. h4 Qc7 11. Qe2 a5 12. Nf1 b4 13. Bf4 a4 14. a3 Nd4 15. Qd1 Nb5 16. N1h2 Bb7 17. Ng5 h6 18. Qh5 hxg5 19. hxg5 Rfc8 20. Ng4 Qd8 21. Kh2 g6 22. Qh4 Nd4 23. Nf6+ Bxf6 24. gxf6 Nf5 25. Qg5 Qf8 26. g4 Ne7 27. Rh1 1-0

[Event "Verbandsliga Suedbaden 1415"]
[Site "Baden"]
[Date "2015.02.08"]
[Round "6.3"]
[White "Rauch, Uwe"]
[Black "Ahner, Thomas"]
[Result "1/2-1/2"]
[WhiteElo "2193"]
[BlackElo "2100"]
[PlyCount "29"]
[EventDate "2014.10.12"]
[EventType "team-tourn"]
[EventRounds "9"]
[EventCountry "GER"]
[SourceTitle "EXT 2022"]
[Source "ChessBase"]
[SourceDate "2021.10.06"]
[SourceVersion "1"]
[SourceVersionDate "2021.10.06"]
[SourceQuality "1"]
[WhiteTeam "Offenburg"]
[BlackTeam "Horben"]
[WhiteTeamCountry "GER"]
[BlackTeamCountry "GER"]

1. e4 c5 2. Nf3 e6 3. c3 d5 4. exd5 Qxd5 5. d4 Nc6 6. Be2 Nf6 7. 0-0 cxd4 8. cxd4 Bd6 9. Bg5 Be7 10. Nc3 Qa5 11. Re1 0-0 12. Qd2 Rd8 13. Rad1 h6 14. Bh4 a6 15. Qe3 1/2-1/2

[Event "Verbandsliga Suedbaden 1415"]
[Site "Baden"]
[Date "2014.11.02"]
[Round "2.5"]
[White "Schmidt, Jens Uwe"]
[Black "Ahner, Thomas"]
[Result "1/2-1/2"]
[WhiteElo "2098"]
[BlackElo "2100"]
[PlyCount "78"]
[EventDate "2014.10.12"]
[EventType "team-tourn"]
[EventRounds "9"]
[EventCountry "GER"]
[SourceTitle "EXT 2022"]
[Source "ChessBase"]
[SourceDate "2021.10.06"]
[SourceVersion "1"]
[SourceVersionDate "2021.10.06"]
[SourceQuality "1"]
[WhiteTeam "Lahr"]
[BlackTeam "Horben"]
[WhiteTeamCountry "GER"]
[BlackTeamCountry "GER"]

1. e4 c5 2. Nc3 a6 3. g3 b5 4. Bg2 Bb7 5. d3 e6 6. Nf3 Nf6 7. e5 b4 8. Nb1 Nd5 9. 0-0 Nc6 10. Nbd2 Qc7 11. Re1 Be7 12. Nc4 f6 13. exf6 Bxf6 14. Ng5 Nce7 15. Ne4 0-0 16. Ncd6 Bc6 17. Nxf6+ Nxf6 18. Ne4 Nxe4 19. dxe4 Ng6 20. h4 Rf7 21. h5 Ne7 22. Be3 Bb5 23. Rc1 a5 24. c3 c4 25. b3 bxc3 26. Rxc3 Rd8 27. bxc4 d5 28. exd5 Nxd5 29. Bxd5 exd5 30. Bg5 Rc8 31. Qxd5 Bc6 32. Qd4 Bb7 33. Rce3 Qc6 34. Qd5 Qa4 35. Qb5 Bc6 36. Qxa4 Bxa4 37. Rc3 Rc5 38. Bf4 Rxh5 39. Re5 Rxe5 1/2-1/2

[Event "Imperia op-A 55th"]
[Site "Imperia"]
[Date "2013.09.06"]
[Round "8"]
[White "Faraci, Antonino"]
[Black "Ahner, Thomas"]
[Result "1-0"]
[WhiteElo "2020"]
[BlackElo "2148"]
[PlyCount "22"]
[EventDate "2013.09.01"]
[EventType "swiss"]
[EventRounds "9"]
[EventCountry "ITA"]
[SourceTitle "EXT 2015"]
[Source "ChessBase"]
[SourceDate "2014.11.20"]
[SourceVersion "1"]
[SourceVersionDate "2014.11.20"]
[SourceQuality "1"]

1. e4 c5 2. b4 cxb4 3. a3 d5 4. e5 Nc6 5. Nf3 Bg4 6. axb4 Nxe5 7. Nxe5 Bxd1 8. Bb5+ Qd7 9. Nxd7 0-0-0 10. Kxd1 a6 11. Nxf8 axb5 1-0

[Event "Verbandsliga Sued Baden 1213"]
[Site "Baden"]
[Date "2013.01.27"]
[Round "5.2"]
[White "Eiler, Joerg"]
[Black "Ahner, Thomas"]
[Result "1-0"]
[WhiteElo "2118"]
[BlackElo "2148"]
[PlyCount "51"]
[EventDate "2012.10.21"]
[EventType "team-tourn"]
[EventRounds "9"]
[EventCountry "GER"]
[SourceTitle "EXT 2014"]
[Source "ChessBase"]
[SourceDate "2013.11.20"]
[SourceVersion "1"]
[SourceVersionDate "2013.11.20"]
[SourceQuality "1"]
[WhiteTeam "Iffezheim"]
[BlackTeam "Horben"]
[WhiteTeamCountry "GER"]
[BlackTeamCountry "GER"]

1. d4 Nf6 2. Bg5 c5 3. Bxf6 gxf6 4. d5 Qb6 5. Qc1 Bh6 6. e3 d6 7. c4 Nd7 8. Nc3 f5 9. Be2 Bg7 10. Qc2 Nf6 11. Bd3 Ng4 12. Nf3 Bf6 13. 0-0 h5 14. Bxf5 Bxf5 15. Qxf5 Qxb2 16. Nb5 Kd8 17. Rab1 Nh6 18. Qf4 Qxa2 19. Nxd6 b6 20. Nb5 Rc8 21. d6 Ng4 22. dxe7+ Kxe7 23. Qd6+ Ke8 24. Rbd1 Qa6 25. h3 Rd8 26. Nc7# 1-0

[Event "Imperia op-A 54th"]
[Site "Imperia"]
[Date "2012.09.05"]
[Round "5"]
[White "Faraci, Antonino"]
[Black "Ahner, Thomas"]
[Result "1-0"]
[WhiteElo "1997"]
[BlackElo "2162"]
[PlyCount "94"]
[EventDate "2012.09.02"]
[EventType "swiss"]
[EventRounds "9"]
[EventCountry "ITA"]
[SourceTitle "EXT 2014"]
[Source "ChessBase"]
[SourceDate "2013.11.20"]
[SourceVersion "1"]
[SourceVersionDate "2013.11.20"]
[SourceQuality "1"]

1. Nf3 Nf6 2. g3 b5 3. Bg2 Bb7 4. 0-0 c5 5. d3 d5 6. Nbd2 e6 7. Re1 Be7 8. e4 0-0 9. e5 Nfd7 10. Qe2 Nc6 11. h4 Qc7 12. Nf1 Nd4 13. Nxd4 cxd4 14. Bf4 Rfc8 15. Rac1 b4 16. Nh2 Qa5 17. Qg4 Kf8 18. Qh5 h6 19. g4 Ke8 20. Nf3 Bf8 21. g5 g6 22. Qg4 h5 23. Qg3 Qxa2 24. Nxd4 a6 25. Bh3 Nc5 26. b3 Qa5 27. Be3 Bc6 28. Bg2 Qc7 29. f4 Nd7 30. c4 bxc3 31. Bf2 Bb5 32. f5 exf5 33. Bxd5 Rab8 34. e6 Nc5 35. exf7+ Kd8 36. Qe3 Qd6 37. Bg3 Qd7 38. Bxb8 Rxb8 39. Nxb5 axb5 40. Qe8+ Kc7 41. Qxd7+ Nxd7 42. Rxc3+ Kd6 43. Bg2 Ne5 44. d4 Nxf7 45. Rc6+ Kd7 46. Rxg6 Nd6 47. Rg8 Re8 1-0

[Event "Verbandsliga Sued Baden 1112"]
[Site "Germany"]
[Date "2012.03.25"]
[Round "8.1"]
[White "Ahner, Thomas"]
[Black "Skembris, Spyridon"]
[Result "0-1"]
[WhiteElo "2162"]
[BlackElo "2463"]
[PlyCount "68"]
[EventDate "2011.10.09"]
[EventType "team-tourn"]
[EventRounds "9"]
[EventCountry "GER"]
[SourceTitle "EXT 2013"]
[Source "ChessBase"]
[SourceDate "2012.11.22"]
[SourceVersion "1"]
[SourceVersionDate "2012.11.22"]
[SourceQuality "1"]
[WhiteTeam "Horben"]
[BlackTeam "Zaehringen"]
[WhiteTeamCountry "GER"]
[BlackTeamCountry "GER"]

1. e4 c5 2. Nf3 Nc6 3. d4 cxd4 4. Nxd4 Qb6 5. Nb3 Nf6 6. Nc3 e6 7. Be3 Qc7 8. a3 d6 9. f4 a6 10. Qf3 b5 11. Bd3 Bb7 12. 0-0 Be7 13. Rae1 b4 14. Na4 Nd7 15. Qf2 0-0 16. Nb6 Rad8 17. a4 Bf6 18. c3 bxc3 19. bxc3 Nc5 20. Nxc5 dxc5 21. Bb1 Qxb6 22. Bxc5 Qa5 23. Bxf8 Rxf8 24. e5 Be7 25. Qb2 Qc5+ 26. Kh1 Na5 27. f5 exf5 28. Rxf5 g6 29. Rf4 Bd5 30. Bd3 Nc4 31. Qc2 Rc8 32. h4 Bf8 33. Rf6 Re8 34. e6 Rxe6 0-1

[Event "Verbandsliga Sued Baden 1011"]
[Site "Baden"]
[Date "2011.03.13"]
[Round "7.2"]
[White "Reinhart, Emmanuel"]
[Black "Ahner, Thomas"]
[Result "1-0"]
[WhiteElo "2358"]
[BlackElo "2156"]
[PlyCount "79"]
[EventDate "2010.10.17"]
[EventType "team-tourn"]
[EventRounds "9"]
[EventCountry "GER"]
[SourceTitle "EXT 2012"]
[Source "ChessBase"]
[SourceDate "2011.11.24"]
[SourceVersion "1"]
[SourceVersionDate "2011.11.24"]
[SourceQuality "1"]
[WhiteTeam "Oberwinden"]
[BlackTeam "Horben"]
[WhiteTeamCountry "GER"]
[BlackTeamCountry "GER"]

1. e4 c5 2. Nf3 e6 3. d3 d5 4. Nbd2 Nc6 5. g3 Nf6 6. Bg2 Be7 7. 0-0 0-0 8. Re1 Qc7 9. c3 b5 10. Nf1 a5 11. h4 a4 12. e5 Nd7 13. Bf4 b4 14. c4 dxc4 15. dxc4 Nb6 16. N1d2 Bb7 17. Ne4 Nxc4 18. Qc2 N6a5 19. Nfg5 g6 20. Nf6+ Bxf6 21. exf6 Qb6 22. Bxb7 Qxb7 23. Ne4 b3 24. Qc1 Kh8 25. Bd6 Nxd6 26. Nxd6 Qf3 27. Ne4 g5 28. Qxg5 Rg8 29. Qxc5 Rg6 30. h5 Rg4 31. Re3 Qf5 32. Qxf5 exf5 33. Nd6 Kg8 34. Nxf5 Rg5 35. Nh6+ Kf8 36. Re7 Ra6 37. Rxf7+ Ke8 38. Re1+ Kd8 39. axb3 Rxh5 40. Rxh7 1-0

[Event "Verbandsliga Sued Baden 1011"]
[Site "Baden"]
[Date "2010.10.31"]
[Round "2.2"]
[White "Ahner, Thomas"]
[Black "Ernst, Rolf"]
[Result "1-0"]
[WhiteElo "2156"]
[BlackElo "2211"]
[PlyCount "49"]
[EventDate "2010.10.17"]
[EventType "team-tourn"]
[EventRounds "9"]
[EventCountry "GER"]
[SourceTitle "EXT 2012"]
[Source "ChessBase"]
[SourceDate "2011.11.24"]
[SourceVersion "1"]
[SourceVersionDate "2011.11.24"]
[SourceQuality "1"]
[WhiteTeam "Horben"]
[BlackTeam "Dreilaendereck"]
[WhiteTeamCountry "GER"]
[BlackTeamCountry "GER"]

1. e4 e5 2. Nf3 Nc6 3. Bb5 a6 4. Bxc6 dxc6 5. 0-0 Bg4 6. h3 h5 7. d3 Qf6 8. Be3 Bxf3 9. Qxf3 Qxf3 10. gxf3 Bd6 11. Nd2 Ne7 12. Nc4 Ng6 13. Rfd1 0-0-0 14. Kf1 Rd7 15. Ke2 Nf8 16. c3 Ne6 17. b4 b6 18. a4 Rf8 19. Rg1 f6 20. Rg6 Rff7 21. Rag1 Bf8 22. Nxe5 fxe5 23. Rxe6 Bd6 24. Rg5 Rd8 25. Reg6 1-0

[Event "Verbandsliga Sued Baden 0910"]
[Site "Germany"]
[Date "2009.11.22"]
[Round "3.2"]
[White "Schuh, Hubert"]
[Black "Ahner, Thomas"]
[Result "1-0"]
[WhiteElo "2292"]
[BlackElo "2128"]
[PlyCount "61"]
[EventDate "2009.10.11"]
[EventType "team-tourn"]
[EventRounds "9"]
[EventCountry "GER"]
[SourceTitle "EXT 2011"]
[Source "ChessBase"]
[SourceDate "2010.11.26"]
[SourceVersion "1"]
[SourceVersionDate "2010.11.26"]
[SourceQuality "1"]
[WhiteTeam "Kuppenheim"]
[BlackTeam "Horben"]
[WhiteTeamCountry "GER"]
[BlackTeamCountry "GER"]

1. Nf3 Nf6 2. g3 b5 3. Bg2 Bb7 4. 0-0 e6 5. d3 d5 6. Nbd2 c5 7. e4 Be7 8. Re1 0-0 9. e5 Nfd7 10. Nf1 Nc6 11. h4 a5 12. N1h2 b4 13. Bf4 a4 14. a3 bxa3 15. bxa3 Na5 16. Ng5 h6 17. Nh3 Re8 18. Qg4 Kh7 19. Qh5 Kg8 20. Rab1 Ba6 21. Bxh6 gxh6 22. Qxh6 Nc6 23. Ng4 Nd4 24. Ng5 Bxg5 25. hxg5 Nf5 26. Qh5 Kg7 27. Nh6 Qe7 28. Nxf5+ exf5 29. Qh6+ Kg8 30. Bxd5 Nxe5 31. g6 1-0

[Event "Baden-ch op"]
[Site "Badenweiler"]
[Date "2009.07.06"]
[Round "9"]
[White "Farmani Anosheh, Armin"]
[Black "Ahner, Thomas"]
[Result "1-0"]
[WhiteElo "2136"]
[BlackElo "2137"]
[PlyCount "47"]
[EventDate "2009.06.01"]
[EventType "swiss"]
[EventRounds "9"]
[EventCountry "GER"]
[SourceTitle "EXT 2010"]
[Source "ChessBase"]
[SourceDate "2010.11.25"]
[SourceVersion "1"]
[SourceVersionDate "2010.11.25"]
[SourceQuality "1"]

1. d4 Nf6 2. c4 e6 3. g3 d5 4. Nf3 dxc4 5. Bg2 a6 6. 0-0 b5 7. Ne5 Nd5 8. a4 Bb7 9. e4 Nf6 10. axb5 axb5 11. Rxa8 Bxa8 12. Nc3 c6 13. d5 Be7 14. dxe6 fxe6 15. Qe2 0-0 16. Bh3 Qc8 17. Nf3 Na6 18. Ng5 Nc5 19. Be3 Re8 20. Bxc5 Bxc5 21. e5 Nd5 22. Qh5 h6 23. Qf7+ Kh8 24. Nxe6 1-0

[Event "Oberliga Baden 0809"]
[Site "Germany"]
[Date "2008.10.26"]
[Round "2.5"]
[White "Ahner, Thomas"]
[Black "Wuest, Hans Heiner"]
[Result "1-0"]
[WhiteElo "2137"]
[BlackElo "2175"]
[PlyCount "89"]
[EventDate "2008.10.05"]
[EventType "team-tourn"]
[EventRounds "9"]
[EventCountry "GER"]
[SourceTitle "EXT 2010"]
[Source "ChessBase"]
[SourceDate "2010.11.25"]
[SourceVersion "1"]
[SourceVersionDate "2010.11.25"]
[SourceQuality "1"]
[WhiteTeam "Horben"]
[BlackTeam "Kirchheim II"]
[WhiteTeamCountry "GER"]
[BlackTeamCountry "GER"]

1. e4 c5 2. Nf3 d6 3. d4 cxd4 4. Nxd4 Nf6 5. Nc3 a6 6. Be2 e6 7. g4 Be7 8. g5 Nfd7 9. Rg1 Nc6 10. Be3 Qc7 11. Qd2 b5 12. f4 Nb6 13. Nxc6 Qxc6 14. Qd4 Qc5 15. Qxg7 Qxe3 16. Qxh8+ Kd7 17. Rg3 Qxf4 18. Qd4 Rb8 19. Rd1 e5 20. Qf2 Qxf2+ 21. Kxf2 Ke8 22. h4 Be6 23. Bg4 Bxg4 24. Rxg4 Rc8 25. Rg2 b4 26. Nd5 Nxd5 27. Rxd5 Rxc2+ 28. Kf3 Rc6 29. Rdd2 Kd7 30. Rc2 Rb6 31. b3 Rb5 32. Rgd2 f6 33. Kg4 Rb8 34. gxf6 Bxf6 35. Rf2 Rg8+ 36. Kh3 Rg6 37. h5 Rh6 38. Kg4 Be7 39. Rf7 Ke6 40. Rg7 a5 41. Rc7 Bd8 42. Rc8 Bb6 43. Re8+ Kf6 44. Rd7 Bc5 45. Ree7 1-0

[Event "Imperia op-A 50th"]
[Site "Imperia"]
[Date "2008.09.07"]
[Round "9"]
[White "Ahner, Thomas"]
[Black "Blasco, Domenico"]
[Result "1-0"]
[WhiteElo "2144"]
[BlackElo "2015"]
[PlyCount "75"]
[EventDate "2008.08.31"]
[EventType "swiss"]
[EventRounds "9"]
[EventCountry "ITA"]
[SourceTitle "MCD"]
[Source "ChessBase"]
[SourceDate "1999.07.01"]
[SourceVersion "1"]
[SourceVersionDate "1999.07.01"]
[SourceQuality "1"]

1. e4 g6 2. d4 Bg7 3. Nc3 d6 4. f4 a6 5. Be3 b5 6. Bd3 Nd7 7. Nce2 Bb7 8. Nf3 c5 9. c3 Ngf6 10. e5 Nd5 11. Bf2 cxd4 12. Bxd4 dxe5 13. fxe5 e6 14. Qd2 h5 15. Ng3 Qc7 16. 0-0 Nxe5 17. Nxe5 Bxe5 18. Bxe5 Qxe5 19. Rae1 Qc7 20. Qg5 Qe7 21. Qe5 0-0-0 22. c4 Nb4 23. Be4 h4 24. cxb5 Qd6 25. Bxb7+ Kxb7 26. Rxf7+ Ka8 27. Qxd6 Rxd6 28. Ne4 Rd4 29. bxa6 Nxa6 30. Nc3 Nc5 31. Rc7 Nd3 32. Rxe6 Nxb2 33. Ree7 Nc4 34. Red7 Rxd7 35. Rxd7 h3 36. Nd5 hxg2 37. Ne7 g5 38. Nc6 1-0

[Event "Imperia op-A 50th"]
[Site "Imperia"]
[Date "2008.09.03"]
[Round "5"]
[White "Ahner, Thomas"]
[Black "Astengo, Marcello"]
[Result "0-1"]
[WhiteElo "2144"]
[BlackElo "2075"]
[PlyCount "82"]
[EventDate "2008.08.31"]
[EventType "swiss"]
[EventRounds "9"]
[EventCountry "ITA"]
[SourceTitle "MCD"]
[Source "ChessBase"]
[SourceDate "1999.07.01"]
[SourceVersion "1"]
[SourceVersionDate "1999.07.01"]
[SourceQuality "1"]

1. e4 e6 2. d3 d5 3. Nd2 c5 4. g3 Nc6 5. Bg2 Nge7 6. f4 b6 7. e5 Bb7 8. c3 Rc8 9. h4 Nf5 10. Nf1 Be7 11. h5 h6 12. Rh2 0-0 13. Bh3 d4 14. c4 f6 15. exf6 Bxf6 16. g4 Bh4+ 17. Ke2 Ng3+ 18. Nxg3 Bxg3 19. Rg2 Qh4 20. Nf3 Qxh3 21. Qg1 Ne5 22. Rxg3 Nxf3 23. Qf2 Qh1 24. b4 Ng5 25. Bb2 Qc6 26. b5 Qd6 27. Rf1 e5 28. Bc1 e4 29. Qh2 exd3+ 30. Kxd3 Be4+ 31. Ke2 Qe6 32. Kd1 Qxc4 33. Rf2 Qa4+ 34. Ke1 Qb4+ 35. Kf1 Qxb5+ 36. Kg1 Qb1 37. Rf1 Nf3+ 38. Rgxf3 Bxf3 39. g5 Qe4 40. Qg3 Bxh5 41. gxh6 Qg6 0-1

[Event "Basel Hilton op 09th"]
[Site "Basel"]
[Date "2007.01.05"]
[Round "5"]
[White "Ahner, Thomas"]
[Black "Peredy, Ferenc"]
[Result "0-1"]
[WhiteElo "2157"]
[BlackElo "2311"]
[PlyCount "108"]
[EventDate "2007.01.01"]
[EventType "swiss"]
[EventRounds "7"]
[EventCountry "SUI"]
[SourceTitle "CBM 116 Extra"]
[Source "ChessBase"]
[SourceDate "2007.03.07"]
[SourceVersion "1"]
[SourceVersionDate "2007.03.07"]
[SourceQuality "1"]

1. e4 c6 2. d4 d5 3. Nc3 dxe4 4. Nxe4 Nd7 5. Bd3 Ngf6 6. Ne2 Nxe4 7. Bxe4 Nf6 8. Bd3 Bg4 9. c3 e6 10. Qb3 Qb6 11. Bf4 Be7 12. Ng3 Bh5 13. Nxh5 Nxh5 14. Bd2 Bd6 15. g3 Nf6 16. 0-0-0 Qxb3 17. axb3 c5 18. Bg5 0-0-0 19. Bxf6 gxf6 20. Be4 f5 21. Bg2 Kc7 22. Rd3 cxd4 23. Rxd4 Bc5 24. Rf4 Rhg8 25. h3 Be7 26. Rc4+ Kb8 27. h4 Bf8 28. Rd1 Bh6+ 29. Kc2 Rxd1 30. Kxd1 f4 31. Rd4 fxg3 32. Rd7 gxf2 33. Bf1 Rg7 34. Ke2 Kc8 35. Re7 Bf4 36. Bh3 Be5 37. Kxf2 Bf6 38. Re8+ Kd7 39. Rf8 Bxh4+ 40. Kf1 Bd8 41. Bg2 b6 42. b4 f5 43. Rh8 Bf6 44. Rf8 Ke7 45. Rb8 Kd6 46. c4 Rc7 47. b3 Bc3 48. b5 Ke5 49. Re8 Bb4 50. Bc6 Rg7 51. Ke2 Kf6 52. Bf3 e5 53. Bd5 e4 54. Rh8 Kg5 0-1